00440nam a22001337a 4500020001800000082001500018100002100033245005800054260004700112300000800159942000700167952011500174999001700289 a81-7100-572-1 a181.07 GRO aGrover, Verinder aMohammad Iqbal: Political Thinkers of Modern India-26 aNew DelhibDeep & Deep Publications c1995 a684 cBK 00104070aHMIbHMIcGENd2017-10-16g600.00l6m4o181.07 GROp15319r2026-03-23s2026-02-10w2017-10-16yBK c20668d20668